Marcatori della Germania agli Europei - Germania 2024 - Statistics

Statistiche generali
  • Questo quiz è stato fatto 14 volte
    12 dall'ultimo reset
  • Il punteggio medio è 7 su 11
Statistiche sulle risposte
Partita Minuto Marcatore % Corretto
Germania - Scozia 5-1 19' Jamal Musiala
92%
Germania - Ungheria 2-0 22' Jamal Musiala
92%
Germania - Danimarca 2-0 68' Jamal Musiala
92%
Germania - Scozia 5-1 10' Florian Wirtz
83%
Spagna - Germania 2-1 (d.t.s.) 89' Florian Wirtz
83%
Germania - Scozia 5-1 68' Niclas Füllkrug
83%
Svizzera - Germania 1-1 92' Niclas Füllkrug
83%
Germania - Scozia 5-1 46' Kai Havertz
58%
Germania - Danimarca 2-0 53' Kai Havertz
58%
Germania - Scozia 5-1 93' Emre Can
8%
Germania - Ungheria 2-0 67' İlkay Gündoğan
8%
Nessun quiz corrispondente trovato
Distribuzione punteggi
Percentuale di utenti per punteggio
Percentile per numero di risposta
I tuoi punteggi nel tempo
Non hai fatto questo quiz dall'ultimo reset